[Event "British Chess Championships 2023: British Championship"]
[Site "The Venue, De Montfort University, 20 Western Boulevard, Leicester, LE2 7BU"]
[Date "2023.07.28"]
[Round "7"]
[Board "25"]
[White "Burrows, Martin P"]
[Black "Weersing, Abigail R"]
[Result "0-1"]
[WhiteElo "2101"]
[BlackElo "1919"]
[PlyCount "0"]
[EventDate "2023.07.22"]
[EventRounds "9"]
[EventCountry "ENG"]

1. e4 e6 2. d4 d5 3. e5 c5 4. c3 Nc6 5. Nf3 Bd7 6. Be2 Nge7 7. Na3 cxd4 8. cxd4 Nf5
9. Nc2 Qb6 10. O-O Na5 11. g4 Ne7 12. Nfe1 Bb5 13. Nd3 h5 14. gxh5 Nf5 15. Be3 Qd8
16. a4 Bc4 17. b4 Nc6 18. Nf4 Bb3 19. Qb1 Bxc2 20. Qxc2 Nfxd4 21. Qd3 Nxe2+ 22. Qxe2
Bxb4 23. Qg4 Bf8 24. Nd3 g6 25. hxg6 Rg8 26. Kh1 Rxg6 27. Qf3 Qh4 28. Bf4 Bh6 29.
Bg3 Qg4 30. Qg2 Qf5 31. Rfd1 Bg5 32. Rab1 b6 33. f4 Bh4 34. Rbc1 Bxg3 35. hxg3 Na5
36. Ne1 Qg4 37. Rd3 Kf8 38. Kg1 Kg7 39. Kf2 Nc4 40. Nf3 Rh8 41. Re1 Rh5 42. Re2 Qh3
43. Qxh3 Rxh3 44. Nh4 Rh2+ 45. Kf1 Rxe2 46. Kxe2 Rh6 47. Rc3 Rh8 48. Kd3 Nb2+ 49.
Kd4 Nxa4 50. Rc7 Ra8 51. Nf3 Nc5 52. Ng5 Kg6 53. Nxf7 a5 54. f5+ Kxf5 55. Nd6+ Kg6
56. Nb5 a4 57. Na3 Rf8 58. Ke3 Rf1 59. Nc2 Rc1 60. Kd2 Nb3+  0-1

[Event "British Chess Championships 2023: British Championship"]
[Site "The Venue, De Montfort University, 20 Western Boulevard, Leicester, LE2 7BU"]
[Date "2023.07.28"]
[Round "7"]
[Board "26"]
[White "Pollack, Oscar"]
[Black "Badacsonyi, Frankie"]
[Result "1/2-1/2"]
[WhiteElo "2096"]
[BlackElo "1966"]
[PlyCount "0"]
[EventDate "2023.07.22"]
[EventRounds "9"]
[EventCountry "ENG"]

1. e4 c6 2. d4 d5 3. e5 Bf5 4. h4 h5 5. Bd3 Bxd3 6. Qxd3 Qa5+ 7. b4 Qxb4+ 8. Nd2
e6 9. Rb1 Qe7 10. Ne2 b5 11. Nf3 Qc7 12. Ng5 Nh6 13. Nf4 Nf5 14. O-O g6 15. a4 a6
16. Ba3 Bxa3 17. Qxa3 Qe7 18. Qh3 Nd7 19. Ngxe6 fxe6 20. Nxg6 Qg7 21. Nxh8 Qxh8 22.
axb5 axb5 23. Qc3 Rc8 24. Ra1 Qg7 25. Ra7 Qg4 26. Qa3 Nxh4 27. Qg3 Qxg3 28. fxg3
Nf5 29. Rf4 c5 30. dxc5 Rxc5 31. g4 Ng3 32. Kh2 h4 33. g5 Nf5 34. g6 Rc8 35. Rxf5
exf5 36. e6 Kf8 37. Rxd7 Re8 38. Rf7+ Kg8 39. e7 d4 40. Rxf5 Rxe7 41. Rxb5 Rc7 42.
Rd5 Rxc2 43. Rxd4 Kg7 44. Rg4 Rc3 45. Kg1 Rb3 46. Kf2 Ra3 47. Rxh4 Kxg6 48. Rf4 Rb3
49. Ra4 Kg5 50. Kg1 Rc3 51. Kh2 Rb3 52. g3 Rc3 53. Kh3 Rc5 54. Ra8 Kg6 55. g4 Rb5
56. Kh4 Rc5 57. Ra6+ Kg7 58. Ra1 Rb5 59. Rf1 Ra5 60. g5 Ra6 61. Kh5 Rb6 62. Ra1 Rc6
63. Ra7+ Kg8  1/2-1/2

[Event "British Chess Championships 2023: British Championship"]
[Site "The Venue, De Montfort University, 20 Western Boulevard, Leicester, LE2 7BU"]
[Date "2023.07.28"]
[Round "7"]
[Board "27"]
[White "Shearsby, Jude"]
[Black "Kueh, Audrey"]
[Result "1-0"]
[WhiteElo "2076"]
[BlackElo "2096"]
[PlyCount "0"]
[EventDate "2023.07.22"]
[EventRounds "9"]
[EventCountry "ENG"]

1. e4 c6 2. d4 d5 3. e5 Bf5 4. Nc3 e6 5. g4 Bg6 6. Nge2 c5 7. h4 h5 8. Nf4 Bh7 9.
Nxh5 Nc6 10. dxc5 Bxc5 11. Bg5 Qa5 12. Bb5 Nge7 13. Nxg7+ Kf8 14. Qf3 Nd4 15. Qf6
Ng8 16. Nxe6+ Nxe6 17. Qxh8 d4 18. Bh6+ Ke7 19. O-O-O Rd8 20. Qxh7 dxc3 21. Rxd8
Qxd8 22. Qf5 Qd5 23. Re1 Bb4 24. Bg5+ Kf8 25. Qe4 Qxb5 26. b3 Ne7 27. Rd1 Qa5 28.
a4 b5 29. Qa8+ Kg7 30. Bf6+ Kg6 31. h5+ Kh7 32. Qh8#  1-0

[Event "British Chess Championships 2023: British Championship"]
[Site "The Venue, De Montfort University, 20 Western Boulevard, Leicester, LE2 7BU"]
[Date "2023.07.28"]
[Round "7"]
[Board "28"]
[White "Pert, Nina P"]
[Black "Starley, Robert"]
[Result "1-0"]
[WhiteElo "2021"]
[BlackElo "2064"]
[PlyCount "0"]
[EventDate "2023.07.22"]
[EventRounds "9"]
[EventCountry "ENG"]

1. e4 e5 2. Nf3 Nc6 3. Bc4 Bc5 4. c3 Nf6 5. d4 exd4 6. cxd4 Bb4+ 7. Nc3 d5 8. exd5
Nxd5 9. O-O Bxc3 10. bxc3 O-O 11. Qd3 h6 12. Re1 Be6 13. Bb3 Qd6 14. Ne5 Rad8 15.
Qg3 Nce7 16. Bc2 Bf5 17. Bxf5 Nxf5 18. Qh3 Qf6 19. Rb1 b6 20. c4 Nde7 21. d5 Rfe8
22. Bb2 Qg5 23. Re4 Qd2 24. Bc3 Qxa2 25. Rbe1 Nd6 26. Nxf7 Nxe4 27. Nxh6+ Kh7 28.
Nf7+ Kg6 29. Qg4+ Kxf7 30. Qxg7#  1-0

[Event "British Chess Championships 2023: British Championship"]
[Site "The Venue, De Montfort University, 20 Western Boulevard, Leicester, LE2 7BU"]
[Date "2023.07.28"]
[Round "7"]
[Board "29"]
[White "Alldritt, Nigel Re"]
[Black "Ogunshola, Olugbemiga (Ben)"]
[Result "1/2-1/2"]
[WhiteElo "1962"]
[BlackElo "2116"]
[PlyCount "0"]
[EventDate "2023.07.22"]
[EventRounds "9"]
[EventCountry "ENG"]

1. d4 Nf6 2. c4 g6 3. g3 Bg7 4. Bg2 O-O 5. Nc3 d6 6. Nf3 Nc6 7. O-O a6 8. b3 Rb8
9. d5 Na5 10. Bg5 c5 11. dxc6 Nxc6 12. Rc1 Bd7 13. Qd2 Re8 14. Rfd1 Qa5 15. Bxf6
Bxf6 16. Nd5 Bg7 17. b4 Qd8 18. b5 Ne5 19. Nxe5 Bxe5 20. b6 Ba4 21. Re1 e6 22. Nc7
Re7 23. f4 Bg7 24. e4 Bc6 25. Rcd1 Ba4 26. Rc1 Bc6 27. Rcd1  1/2-1/2

[Event "British Chess Championships 2023: British Championship"]
[Site "The Venue, De Montfort University, 20 Western Boulevard, Leicester, LE2 7BU"]
[Date "2023.07.28"]
[Round "7"]
[Board "30"]
[White "Payne, Matthew J"]
[Black "Gardiner, Eric D"]
[Result "1-0"]
[WhiteElo "2104"]
[BlackElo "1843"]
[PlyCount "0"]
[EventDate "2023.07.22"]
[EventRounds "9"]
[EventCountry "ENG"]

1. e4 c6 2. d4 d5 3. e5 c5 4. dxc5 e6 5. a3 Bxc5 6. b4 Be7 7. Nf3 f6 8. Bd3 a5 9.
b5 Nd7 10. Bb2 Nh6 11. O-O Nf7 12. exf6 Bxf6 13. Nc3 Nc5 14. Re1 Nxd3 15. Qxd3 O-O
16. a4 Bd7 17. Nd1 Bxb2 18. Nxb2 Qf6 19. Qb3 Rac8 20. c4 e5 21. cxd5 e4 22. Rxe4
Rc3 23. Qd1 Ng5 24. Nxg5 Qxf2+ 25. Kh1 Rc2 26. Qg1 Rxb2 27. Ne6 Qxg1+ 28. Rxg1 Rff2
29. h4 Bxe6 30. dxe6 Rbe2 31. Re1 Rxe1+ 32. Rxe1 Kf8 33. Rc1 Rf4 34. g3 Rxa4 35.
Rc7 Rb4 36. Rf7+ Ke8 37. Rxb7 a4 38. Rxg7 a3 39. Ra7 Rxb5 40. Rxa3 h5 41. Re3 Ke7
42. Kg2 Rf5 43. Re4 Rf6 44. Re5  1-0

[Event "British Chess Championships 2023: British Championship"]
[Site "The Venue, De Montfort University, 20 Western Boulevard, Leicester, LE2 7BU"]
[Date "2023.07.28"]
[Round "7"]
[Board "31"]
[White "Cox, Toby"]
[Black "Dignam, Matthew P"]
[Result "0-1"]
[WhiteElo "1967"]
[BlackElo "2055"]
[PlyCount "0"]
[EventDate "2023.07.22"]
[EventRounds "9"]
[EventCountry "ENG"]

1. e4 d6 2. d4 Nf6 3. Nc3 c6 4. Be3 Qb6 5. b3 Ng4 6. Na4 Qc7 7. Bg5 h6 8. Bd2 e5
9. c3 Be7 10. Bd3 O-O 11. f3 Nf6 12. Ne2 d5 13. O-O dxe4 14. fxe4 Bg4 15. h3 Bh5
16. dxe5 Nfd7 17. e6 fxe6 18. Rxf8+ Nxf8 19. Qe1 Nbd7 20. Nf4 Bf7 21. Bc2 Rd8 22.
Qe2 Bf6 23. Rf1 b5 24. Nb2 Qa5 25. Nd1 Qxa2 26. Ne3 Nc5 27. b4 Nxe4 28. Bxe4 Qxd2
29. Qf3 Qxc3 30. Bxc6 Bd4 31. Nfd5 exd5 32. Qxf7+ Kh8 33. Bxd5 Qxe3+ 34. Kh1 Nd7
35. Rf3 Qg1#  0-1

[Event "British Chess Championships 2023: British Championship"]
[Site "The Venue, De Montfort University, 20 Western Boulevard, Leicester, LE2 7BU"]
[Date "2023.07.29"]
[Round "8"]
[Board "1"]
[White "Han, Yichen"]
[Black "Adams, Michael"]
[Result "1/2-1/2"]
[WhiteElo "2413"]
[BlackElo "2666"]
[PlyCount "0"]
[EventDate "2023.07.22"]
[EventRounds "9"]
[EventCountry "ENG"]

1. e4 e5 2. Nf3 Nc6 3. d4 exd4 4. Nxd4 Nf6 5. Nxc6 bxc6 6. e5 Qe7 7. Qe2 Nd5 8. h4
a5 9. c4 Nb6 10. h5 Qe6 11. Be3 Ba6 12. Nd2 Bb4 13. Bxb6 cxb6 14. O-O-O O-O-O 15.
Nf3 f6 16. h6 g6 17. exf6 Qxf6  1/2-1/2

[Event "British Chess Championships 2023: British Championship"]
[Site "The Venue, De Montfort University, 20 Western Boulevard, Leicester, LE2 7BU"]
[Date "2023.07.29"]
[Round "8"]
[Board "2"]
[White "Grieve, Harry"]
[Black "Fernandez, Daniel H"]
[Result "1-0"]
[WhiteElo "2459"]
[BlackElo "2518"]
[PlyCount "0"]
[EventDate "2023.07.22"]
[EventRounds "9"]
[EventCountry "ENG"]

1. e4 e5 2. Nf3 Nf6 3. Nxe5 d6 4. Nf3 Nxe4 5. d4 d5 6. Bd3 Nd6 7. O-O Be7 8. Nc3
c6 9. Ne2 O-O 10. Ng3 Re8 11. Bf4 Nd7 12. h4 Nf8 13. Qd2 Ng6 14. h5 Nxf4 15. Qxf4
h6 16. Rae1 Bf8 17. c3 a5 18. Bb1 Rxe1 19. Rxe1 Ne8 20. Nf5 Nf6 21. Ne5 Bxf5 22.
Qxf5 Qc8 23. Qd3 Bd6 24. Re3 Kf8 25. Rf3 Qc7 26. Rf5 Re8 27. f4 c5 28. Kh1 b5 29.
g4 cxd4 30. Qxd4 b4 31. g5 hxg5 32. h6 gxf4 33. hxg7+ Kg8 34. Qxf4 Re6 35. Qh6 Nh7
36. Rf6  1-0

[Event "British Chess Championships 2023: British Championship"]
[Site "The Venue, De Montfort University, 20 Western Boulevard, Leicester, LE2 7BU"]
[Date "2023.07.29"]
[Round "8"]
[Board "3"]
[White "Pert, Nicholas"]
[Black "Derakhshani, Borna"]
[Result "1/2-1/2"]
[WhiteElo "2536"]
[BlackElo "2341"]
[PlyCount "0"]
[EventDate "2023.07.22"]
[EventRounds "9"]
[EventCountry "ENG"]

1. d4 d5 2. c4 c6 3. Nf3 Nf6 4. Nc3 e6 5. e3 Nbd7 6. Qc2 Bd6 7. Bd3 Qe7 8. O-O O-O
9. e4 dxc4 10. Bxc4 e5 11. h3 Bc7 12. Be3 a6 13. Rfe1 exd4 14. Nxd4 Ne5 15. Bf1 Ng6
16. g3 h5 17. Nf5 Qe6 18. Nd4 Qe7 19. Nf5 Qe6 20. h4 Re8 21. Bg2 Ng4 22. Bd4 Be5
23. Rad1 Bxd4 24. Nxd4 Qf6 25. f3 Rd8 26. fxg4 Rxd4 27. e5 Rxd1 28. Qxd1 Nxe5 29.
Qe2 Nxg4 30. Qe8+ Kh7 31. Ne4 Qd4+ 32. Kh1 Nf2+ 33. Kh2 Ng4+ 34. Kh1 Nf2+ 35. Kh2
Ng4+  1/2-1/2

[Event "British Chess Championships 2023: British Championship"]
[Site "The Venue, De Montfort University, 20 Western Boulevard, Leicester, LE2 7BU"]
[Date "2023.07.29"]
[Round "8"]
[Board "4"]
[White "Hebden, Mark L"]
[Black "Ledger, Andrew J"]
[Result "1/2-1/2"]
[WhiteElo "2436"]
[BlackElo "2299"]
[PlyCount "0"]
[EventDate "2023.07.22"]
[EventRounds "9"]
[EventCountry "ENG"]

1. d4 Nf6 2. Bg5 d5 3. Nd2 Bf5 4. e3 e6 5. c4 c6 6. Ngf3 Nbd7 7. Be2 Be7 8. O-O h6
9. Bf4 O-O 10. h3 Ne4 11. Nxe4 Bxe4 12. Nd2 Bg6 13. Qb3 Qb6 14. Rac1 Rfe8 15. Rfd1
Qxb3 16. Nxb3 a5 17. Nd2 Nb6 18. cxd5 exd5 19. Nf3 f6 20. Ne1 a4 21. h4 Nc8 22. h5
Bf5 23. Bd3 Bxd3 24. Nxd3 Bd6 25. g3 Ra5 26. Kg2 Kf7 27. Kf3 Bxf4 28. gxf4 Nd6 29.
Rg1 Re7 30. Rc5 Ra8 31. Rc2 Ra5 32. Ke2 Ne4 33. Kd1 Kf8 34. Kc1 Kf7  1/2-1/2

[Event "British Chess Championships 2023: British Championship"]
[Site "The Venue, De Montfort University, 20 Western Boulevard, Leicester, LE2 7BU"]
[Date "2023.07.29"]
[Round "8"]
[Board "5"]
[White "Dong, Bao Nghia"]
[Black "Wadsworth, Matthew J"]
[Result "1/2-1/2"]
[WhiteElo "2327"]
[BlackElo "2431"]
[PlyCount "0"]
[EventDate "2023.07.22"]
[EventRounds "9"]
[EventCountry "ENG"]

1. d4 Nf6 2. c4 e6 3. Nf3 d5 4. e3 c6 5. Nc3 Nbd7 6. Qc2 Bd6 7. g4 h6 8. Rg1 e5 9.
h4 e4 10. g5 hxg5 11. Nxg5 Rxh4 12. f3 Ng4 13. Nxf7 Kxf7 14. fxg4 Rh2 15. Be2 Qh4+
16. Kd1 Nf6 17. g5 Bg3 18. Qb3 Qxg5 19. Bd2 b6 20. cxd5 cxd5 21. Be1 Qxe3 22. Rxg3
Qxd4+ 23. Kc2 Ba6 24. Rd1 Qc5 25. Kb1 Bxe2 26. Nxe2 Rxe2 27. Rc3 Qd6 28. Bg3 Qe6
29. Rc7+ Kg8 30. Bh4 Rf8 31. Rg1 Rf7 32. Rxf7 Kxf7 33. Bxf6 Qxf6 34. Qxd5+ Kf8 35.
Qa8+ Kf7 36. Qb7+ Kf8 37. Qc8+ Ke7 38. Qc7+ Kf8 39. Qc8+  1/2-1/2

[Event "British Chess Championships 2023: British Championship"]
[Site "The Venue, De Montfort University, 20 Western Boulevard, Leicester, LE2 7BU"]
[Date "2023.07.29"]
[Round "8"]
[Board "6"]
[White "Pert, Richard G"]
[Black "Claridge-Hansen, William"]
[Result "1/2-1/2"]
[WhiteElo "2421"]
[BlackElo "2332"]
[PlyCount "0"]
[EventDate "2023.07.22"]
[EventRounds "9"]
[EventCountry "ENG"]

1. d4 Nf6 2. Nf3 e6 3. Bf4 b6 4. e3 Bb7 5. Nbd2 Be7 6. h3 O-O 7. Bd3 c5 8. O-O d6
9. c3 cxd4 10. exd4 Re8 11. Re1 Bf8 12. Bh2 Nbd7 13. Nc4 Qc7 14. a4 a6 15. Bf1 Bc6
16. Ne3 Qb7 17. Nd2 b5 18. Nb3 Qb6 19. a5 Qb7 20. Nc1 Nd5 21. Nd3 Nxe3 22. Rxe3 Nf6
23. Nb4 Be4 24. Qe2 d5 25. Nd3 Rec8 26. Ne5 Nd7 27. h4 h6 28. h5 Be7 29. Bf4 Nxe5
30. dxe5 b4 31. Rg3 Kh8 32. Qg4 Rg8 33. Rc1 Bf5 34. Qd1 Rgc8 35. Qd2 bxc3 36. Rcxc3
Rxc3 37. bxc3 Bf8 38. c4 dxc4 39. Bxc4 Rc8 40. Rb3 Qc6 41. Bf1 Qa4 42. Rb2 Bc5 43.
Bxa6  1/2-1/2

[Event "British Chess Championships 2023: British Championship"]
[Site "The Venue, De Montfort University, 20 Western Boulevard, Leicester, LE2 7BU"]
[Date "2023.07.29"]
[Round "8"]
[Board "7"]
[White "Willow, Jonah B"]
[Black "Turner, Max N"]
[Result "1-0"]
[WhiteElo "2421"]
[BlackElo "2252"]
[PlyCount "0"]
[EventDate "2023.07.22"]
[EventRounds "9"]
[EventCountry "ENG"]

1. e4 e5 2. Nf3 Nc6 3. Nc3 Nf6 4. Bb5 Bb4 5. O-O O-O 6. d3 Bxc3 7. bxc3 d6 8. Bg5
Qe7 9. d4 exd4 10. cxd4 h6 11. Bh4 Qxe4 12. Bd3 Qg4 13. Bxf6 gxf6 14. Rb1 Ne7 15.
Qd2 Qg7 16. Kh1 c6 17. Qb4 Rd8 18. Qa5 b6 19. Rxb6 Bh3 20. gxh3 axb6 21. Qxb6 Kh8
22. Rg1 Qf8 23. d5 c5 24. Qb2 Ng8 25. Qc1 Rxa2 26. Qf4 Ra3 27. Nh4 Rxd3 28. cxd3
Re8 29. Nf5 Re5 30. Qg4 Kh7 31. f4 Rxd5 32. Qg7+ Qxg7 33. Rxg7+ Kh8 34. Rxg8+ Kh7
35. Rg7+ Kh8 36. Rg8+ Kh7 37. Ne7 Rxd3 38. Rc8 Rd4 39. Rc6 c4 40. Kg2 Rd2+ 41. Kf3
Rxh2 42. Kg3 Re2 43. Nd5 Rd2 44. Nxf6+ Kg6 45. Ne4 Rd3+ 46. Kg2 Rd4 47. Nxd6 Rxf4
48. Nxc4+ f6 49. Ne5+ Kf5 50. Ng4 Kg6 51. Kg3 Rf1 52. Ne5+ Kf5 53. Nf3 Kg6 54. Nh4+
Kg5 55. Rc5+ f5 56. Nf3+ Kg6 57. Kf4 Rf2 58. Rc6+ Kg7 59. Kg3 Ra2 60. Rb6 Ra4 61.
Rc6 Rb4 62. Ra6 Re4 63. Nh4 Re3+ 64. Kg2 Re5 65. Rg6+ Kh7 66. Rf6 Re4 67. Nxf5 Rf4
68. Rxh6+  1-0

[Event "British Chess Championships 2023: British Championship"]
[Site "The Venue, De Montfort University, 20 Western Boulevard, Leicester, LE2 7BU"]
[Date "2023.07.29"]
[Round "8"]
[Board "8"]
[White "Jones, Steven A"]
[Black "Kanyamarala, Tarun"]
[Result "1-0"]
[WhiteElo "2175"]
[BlackElo "2344"]
[PlyCount "0"]
[EventDate "2023.07.22"]
[EventRounds "9"]
[EventCountry "ENG"]

1. e4 c5 2. Nf3 e6 3. d4 cxd4 4. Nxd4 a6 5. Bd3 Bc5 6. Nb3 Ba7 7. O-O Nc6 8. Qg4
Qf6 9. Nc3 Nge7 10. Bg5 Qg6 11. Qh4 f6 12. Bd2 Qf7 13. Kh1 b5 14. f4 Bb7 15. Qh3
O-O 16. Be3 Rfc8 17. Nc5 Bxc5 18. Bxc5 Na5 19. Qe3 Ng6 20. b4 Nc4 21. Bxc4 bxc4 22.
Na4 f5 23. e5 Nh4 24. Rf2 h6 25. Nb6 Kh7 26. Nxc4 Qg6 27. Qg3 Qh5 28. Nd6 Bc6 29.
Nxc8 Rxc8 30. c4 Rg8 31. Be7 Ng6 32. Bd6 Nh4 33. Qh3 g5 34. Be7 Kg7 35. a4 Kf7 36.
Bf6 Qg6 37. b5 Be4 38. Rd1 Ke8 39. fxg5 Qh5 40. Re1 hxg5 41. Rd2 Rg6 42. Qa3 Rg7
43. Rxe4 Rh7 44. Qc5 fxe4 45. Qc8+ Kf7 46. Rxd7+ Kg6 47. Qg8+ Kf5 48. Qxh7+  1-0

[Event "British Chess Championships 2023: British Championship"]
[Site "The Venue, De Montfort University, 20 Western Boulevard, Leicester, LE2 7BU"]
[Date "2023.07.29"]
[Round "8"]
[Board "9"]
[White "Gasanov, Eldar"]
[Black "Villiers, Thomas"]
[Result "1-0"]
[WhiteElo "2481"]
[BlackElo "2140"]
[PlyCount "0"]
[EventDate "2023.07.22"]
[EventRounds "9"]
[EventCountry "ENG"]

1. d4 Nf6 2. Nf3 e6 3. c4 c5 4. d5 b5 5. Bg5 exd5 6. cxd5 h6 7. Bf4 Bb7 8. e4 Nxe4
9. Bxb5 Qa5+ 10. Nbd2 Qxb5 11. Nxe4 Qb4+ 12. Nfd2 Bxd5 13. O-O Be7 14. Bd6 Nc6 15.
Bxe7 Nxe7 16. Nd6+ Kf8 17. Re1 Ng6 18. N2e4 Be6 19. Rc1 Kg8 20. Nxc5 Kh7 21. Qc2
Rhb8 22. b3 Rb6 23. Re4 Qa3 24. Ra4 Qxa4 25. Nxa4 Rxd6 26. h3 Rc6 27. Qd2 Rac8 28.
Rxc6 Rxc6 29. Nc3 Kh8 30. Nb5 Rc5 31. Nxa7 Rg5 32. f4 Rf5 33. g3 Rd5 34. Qe2 Bxh3
35. Nb5 Bf5 36. a4 Rd3 37. Kf2 Rxb3 38. Nd4 Be6 39. Nxb3 Bxb3 40. a5 Nf8 41. Qe4
Ne6 42. a6 Nc5 43. Qa8+ Kh7 44. a7 Ba4 45. Qd5 Ne4+ 46. Qxe4+ Kh8 47. a8=R#  1-0

[Event "British Chess Championships 2023: British Championship"]
[Site "The Venue, De Montfort University, 20 Western Boulevard, Leicester, LE2 7BU"]
[Date "2023.07.29"]
[Round "8"]
[Board "10"]
[White "Jackson, James P"]
[Black "Ashton, Adam G"]
[Result "1-0"]
[WhiteElo "2390"]
[BlackElo "2314"]
[PlyCount "0"]
[EventDate "2023.07.22"]
[EventRounds "9"]
[EventCountry "ENG"]

1. e4 e5 2. Nf3 Nc6 3. Bc4 Nf6 4. d3 h6 5. Nc3 d6 6. a4 g6 7. O-O Bg7 8. h3 O-O 9.
Be3 Na5 10. Ba2 c5 11. Qd2 Kh7 12. Nd5 Nc6 13. Nxf6+ Qxf6 14. Ng5+ Kg8 15. c3 Qe7
16. Nxf7 Rxf7 17. Bxf7+ Qxf7 18. Bxh6 Be6 19. Bxg7 Qxg7 20. f4 Qh6 21. Rf2 Rf8 22.
Raf1 exf4 23. Rxf4 Rxf4 24. Rxf4 Ne5 25. d4 Nd3 26. Rf2 Qxd2 27. Rxd2 c4 28. a5 Kf7
29. Kf1 Ke7 30. Ke2 Nc1+ 31. Ke3 Nb3 32. a6 bxa6 33. Rd1 a5 34. Kf4 Kf6 35. h4 a4
36. g4 a5 37. g5+ Ke7 38. Ke3 Bg4 39. Rg1 Bh5 40. Rf1 Bg4 41. Rf6 Bh5 42. e5 dxe5
43. dxe5 Nc5 44. Kd4 Nd3 45. Rb6 Bd1 46. Kxc4 Nxe5+ 47. Kd5 Nf3 48. Rxg6 Bb3+ 49.
c4 Bxc4+ 50. Kc5 Bf7 51. Rh6 Kf8 52. Kb5 Be8+ 53. Kxa5 Kg7 54. Kb4 Nd4 55. Rf6 Nc2+
56. Kc3 Na1 57. Re6 Bf7 58. Ra6 Be8 59. h5 Nb3 60. Ra7+ Kf8 61. h6  1-0

[Event "British Chess Championships 2023: British Championship"]
[Site "The Venue, De Montfort University, 20 Western Boulevard, Leicester, LE2 7BU"]
[Date "2023.07.29"]
[Round "8"]
[Board "11"]
[White "Chopra, Tanmay"]
[Black "Rudd, Jack"]
[Result "1/2-1/2"]
[WhiteElo "2377"]
[BlackElo "2276"]
[PlyCount "0"]
[EventDate "2023.07.22"]
[EventRounds "9"]
[EventCountry "ENG"]

1. d4 Nf6 2. c4 g6 3. Nc3 Bg7 4. e4 d6 5. h3 O-O 6. Be3 Nbd7 7. Nge2 c5 8. Qd2 cxd4
9. Nxd4 Nc5 10. Bd3 Bd7 11. O-O Nxd3 12. Qxd3 Rc8 13. Rac1 a6 14. b4 e5 15. Nb3 Qc7
16. c5 dxc5 17. Bxc5 Rfe8 18. Qe3 Bc6 19. a4 Qd7 20. b5 axb5 21. axb5 Bxe4 22. Nxe4
Nxe4 23. Qxe4 Qxb5 24. Qb4 Rxc5 25. Qxc5 Qxb3 26. Rb1 Qe6 27. Rxb7 e4 28. Re1 h5
29. Qc2 Bd4 30. Rb4 e3 31. fxe3 Bxe3+ 32. Kh1 Qf6 33. Rb3 Re6 34. Qc8+ Kh7 35. Rbxe3
Rxe3 36. Rxe3 Qf1+ 37. Kh2 Qf4+ 38. Rg3 h4 39. Qg4 hxg3+  1/2-1/2

[Event "British Chess Championships 2023: British Championship"]
[Site "The Venue, De Montfort University, 20 Western Boulevard, Leicester, LE2 7BU"]
[Date "2023.07.29"]
[Round "8"]
[Board "12"]
[White "Mitra, Roman C"]
[Black "Eggleston, David J"]
[Result "1/2-1/2"]
[WhiteElo "2171"]
[BlackElo "2358"]
[PlyCount "0"]
[EventDate "2023.07.22"]
[EventRounds "9"]
[EventCountry "ENG"]

1. g3 e5 2. c4 Nc6 3. Bg2 Nf6 4. a3 d5 5. cxd5 Nxd5 6. Nc3 Nb6 7. Nf3 Be7 8. d3 O-O
9. O-O Re8 10. b4 Bf8 11. Bb2 a5 12. b5 Nd4 13. Nd2 a4 14. Nc4 Qd7 15. Rb1 Nxb5 16.
Nxb5 Qxb5 17. Bxe5 Qa6 18. Nxb6 cxb6 19. Bb2 b5 20. Qd2 Be6 21. Rfc1 Bb3 22. Rc7
Rab8 23. e3 Re7 24. Rcc1 Rd7 25. Be4 Re8 26. Qc3 Qb6 27. Bf5 Rd5 28. e4 Rdd8 29.
d4 b4 30. axb4 Qxb4 31. Qf3 Ba2 32. Bc3 Qxb1 33. Rxb1 Bxb1 34. Qd1 g6 35. Qxb1 gxf5
36. exf5 Rc8 37. Ba1 Re2 38. d5 Rcc2 39. Bd4 a3 40. Qb6 Red2 41. Qf6 Rxd4 42. Qg5+
Kh8 43. Qf6+ Kg8 44. Qg5+ Kh8  1/2-1/2

[Event "British Chess Championships 2023: British Championship"]
[Site "The Venue, De Montfort University, 20 Western Boulevard, Leicester, LE2 7BU"]
[Date "2023.07.29"]
[Round "8"]
[Board "13"]
[White "Pigott, John C"]
[Black "Toma, Katarzyna"]
[Result "1-0"]
[WhiteElo "2347"]
[BlackElo "2259"]
[PlyCount "0"]
[EventDate "2023.07.22"]
[EventRounds "9"]
[EventCountry "ENG"]

1. e4 c5 2. Nf3 Nc6 3. Bb5 Na5 4. d4 a6 5. Bd3 cxd4 6. Nxd4 g6 7. Be3 Bg7 8. Nc3
d6 9. Qd2 b5 10. O-O-O Nf6 11. Bh6 Bxh6 12. Qxh6 e5 13. Nf3 Ng4 14. Qd2 Bb7 15. h3
Nf6 16. Kb1 h6 17. Qe3 Kf8 18. Nh2 Rc8 19. f4 Qe7 20. fxe5 dxe5 21. Rhf1 b4 22. Nd5
Nxd5 23. exd5 Kg7 24. Qb6 Nc4 25. Bxc4 Rxc4 26. d6 Qd7 27. Ng4 Rxg4 28. hxg4 Bxg2
29. Rf2 Bc6 30. Qxb4 Re8 31. Rdf1 Bd5 32. Qc5 Qb7 33. b3 Kg8 34. Qe3 Kg7 35. Rh2
g5 36. Rf6 Be4 37. Rhxh6 Bg6 38. Qxg5 Qe4 39. Rhxg6+ fxg6 40. d7 Rh8 41. Rd6  1-0

[Event "British Chess Championships 2023: British Championship"]
[Site "The Venue, De Montfort University, 20 Western Boulevard, Leicester, LE2 7BU"]
[Date "2023.07.29"]
[Round "8"]
[Board "14"]
[White "Bates, Richard A"]
[Black "Jackson, Edward"]
[Result "1/2-1/2"]
[WhiteElo "2324"]
[BlackElo "1942"]
[PlyCount "0"]
[EventDate "2023.07.22"]
[EventRounds "9"]
[EventCountry "ENG"]

1. Nf3 Nf6 2. d4 d5 3. g3 e6 4. Bg2 Be7 5. c4 O-O 6. O-O dxc4 7. Qc2 a6 8. a4 Bd7
9. Rd1 Bc6 10. Nc3 Bxf3 11. Bxf3 c6 12. a5 Nd5 13. Ne4 b5 14. axb6 Qxb6 15. Qxc4
Nd7 16. Nc3 a5 17. Na4 Qa6 18. b3 Rfc8 19. e4 Nb4 20. Qxa6 Rxa6 21. Be2 Ra7 22. Bb2
Bf6 23. Rac1 h6 24. Ba3 Rb8 25. Rd2 Nb6 26. Nc5 Rd8 27. Rcd1 Raa8 28. Nb7 Rd7 29.
Nxa5 Na2 30. Bc5 Rxa5 31. Bxb6 Ra8 32. e5 Be7 33. Bf3 Nb4 34. Bc5 Bxc5 35. dxc5 Nd5
36. Bxd5 Rxd5 37. Rxd5 exd5 38. b4 Rb8 39. Rd4 g6 40. Kg2 Kf8 41. f4 Ke7 42. Kf3
Ke6 43. Ke3 h5 44. Kd3 Ra8 45. Ke3  1/2-1/2

[Event "British Chess Championships 2023: British Championship"]
[Site "The Venue, De Montfort University, 20 Western Boulevard, Leicester, LE2 7BU"]
[Date "2023.07.29"]
[Round "8"]
[Board "15"]
[White "Beaumont, Chris R"]
[Black "Yao, Lan"]
[Result "0-1"]
[WhiteElo "2262"]
[BlackElo "2242"]
[PlyCount "0"]
[EventDate "2023.07.22"]
[EventRounds "9"]
[EventCountry "ENG"]

1. Nf3 d5 2. g3 Nf6 3. Bg2 e6 4. O-O c5 5. d3 Nc6 6. Bf4 Be7 7. Ne5 Nxe5 8. Bxe5
O-O 9. b3 Bd7 10. Bb2 Bc6 11. Nd2 Qc7 12. a4 Rad8 13. Qe1 d4 14. e4 dxe3 15. fxe3
Nd5 16. Nc4 f6 17. e4 Nb4 18. Rf2 Be8 19. Bh3 Bf7 20. Rd1 b6 21. Qe2 a6 22. c3 Nc6
23. d4 cxd4 24. cxd4 b5 25. axb5 axb5 26. Ne3 Qb6 27. Qd3 Nxd4 28. Bxd4 Rxd4 29.
Qxd4 Bc5 30. Qb2 Bxe3 31. Kg2 Bxf2 32. Qxf2 Qc6 33. Qe3 Bg6 34. Rd4 e5 35. Rd5 Qc2+
36. Kf3 Bh5+ 37. Bg4 Qxh2 38. Bxh5 Qxh5+ 39. Kg2 Ra8 40. Qd2 Qe8 41. b4 h6 42. Rd7
Kh7 43. Qd5 Ra2+  0-1